Statistics for Countries by Emojis

Click here to take the quiz!

General Stats

  • This quiz has been taken 43,589 times
    (43,577 since last reset)
  • The average score is 16 of 18

Answer Stats

Emojis Answer % Correct
France
99%
Italy
99%
United Kingdom
98%
Australia
96%
Canada
95%
United States
95%
China
94%
Mexico
93%
India
93%
Japan
93%
Ireland
92%
Germany
91%
New Zealand
88%
Greece
88%
Brazil
83%
Netherlands
81%
Switzerland
79%
Chile
64%

Score Distribution

Percentile by Number Answered

Percent of People with Each Score

Your Score History

You have not taken this quiz since the last reset